000 02033cam a22004694i 4500
003 PE-LiUPU
005 20250731173111.0
008 181219s2018 miu rb 000 0 eng d
020 _a0825443245
020 _a9780825443244
035 _a(Sirsi) a251102
040 _aPE-LiUPU
_bspa
_cPE-LiUPU
_erda
049 _aPRUA
082 0 4 _a220.601
_bC579
_223
100 1 _aChou, Abner,
_eautor.
245 1 4 _aThe hermeneutics of the biblical writers :
_blearning to interpret scripture from the prophets and apostles /
_cAbner Chou.
264 1 _aGrand Rapids :
_bKregel Academic,
_c[2018].
300 _a251 páginas ;
_c23 centímetros
336 _atext
_2rdacontent
337 _aunmediated
_2rdamedia
338 _avolume
_2rdacarrier
504 _aBibliografía: páginas 233-251.
505 0 _aThe quest for authorial logic -- Groundwork for the quest: presuppositions and method -- The prophetic hermeneutic: the prophet as exegete and theologian -- The prophetic hermeneutic: did the prophets speak better than they knew, or better than we give them credit for? -- The apostolic hermeneutic: continuity with the prophets -- The apostolic hermeneutic: the theological fabric of the New Testament -- The Christian hermeneutic: reading as they read and intended -- Scripture's sophistication, first theologians, and the hermeneutics of surrender.
526 _aSEG42
526 _aSEG41
526 _aSEG40
526 _aSEG39
526 _aP94
526 _aP87
526 _aP86
526 _aP85
526 _aP77
526 _aP76
526 _aP35
650 1 4 _aHermenéutica bíblica.
910 _adbm
_brri
_crri
_d20181219
942 _2ddc
_cBOOK
994 _aC0
_bPEPRU
596 _a1
999 _a220.601 C579
_wDEWEY
_c30552
_i79371
_f2021-11-9
_g5
_lCCODEBUL1
_mBUL
_p11.99
_r0
_sY
_tBOOK
_u2018-12-19
_xTEOLOGIA
_PP85
_0DONACION
_1FCOMPR2
_o.STAFF. Colección Teología
_d30552
980 _81
_gALBERTO SANCHEZ Responsable de Automatización